Finding '-mo' Quiz Stats

 Plays Quiz Updated Jul 12, 2017

Support Sporcle.
Go Orange.
Score 0/25 Timer 03:00
1 Play Today
% Correct
Chemo
93.8%
Limo
93.4%
Ammo
92.6%
Memo
91.1%
Nemo
90.7%
Camo
90.4%
Guantánamo
89.9%
Gizmo
89.9%
Demo
89.8%
Sumo
89.7%
Elmo
88.7%
Machismo
87.2%
Promo
85.5%
% Correct
Guillermo
85.3%
Alamo
84.4%
Emo
80.8%
Fortissimo
80.7%
Dynamo
79.2%
Homo
78.8%
Palermo
77.3%
Kokomo
74.7%
Geronimo
74.6%
Romo
74.3%
Satchmo
67.7%
Domo
65.8%

You're not logged in!

Compare scores with friends on all Sporcle quizzes.
OR
Log In
Forgot?
Remove Ads.
Support Sporcle.
Get the best of Sporcle when you Go Orange. This ad-free experience offers more features, more stats, and more fun while also helping to support Sporcle. Thank you for becoming a member.

Show Comments

Extras

Top Quizzes Today


Score Distribution

Your Account Isn't Verified!

In order to create a playlist on Sporcle, you need to verify the email address you used during registration. Go to your Sporcle Settings to finish the process.

Report this User

Report this user for behavior that violates our Community Guidelines.

Details: